Central Library OPAC University of Rajshahi

International cartels, (Record no. 4009)

MARC details
000 -LEADER
fixed length control field 00874cam a22002771 4500
001 - CONTROL NUMBER
control field 4009
003 - CONTROL NUMBER IDENTIFIER
rucl marc code BD-RjUL
005 - DATE AND TIME OF LATEST TRANSACTION
control field 20211208233822.0
008 - FIXED-LENGTH DATA ELEMENTS--GENERAL INFORMATION
fixed length control field 131221m19461945ncua b 001 0 eng
035 ## - SYSTEM CONTROL NUMBER
System control number (BD-RjUL)4043
System control number (OCoLC)2863158
040 ## - CATALOGING SOURCE
Original cataloging agency DLC
Transcribing agency ODa
Modifying agency OCoLC
-- NcRS
-- DLC
-- BD-RjUL
Language of cataloging eng
041 ## - LANGUAGE CODE
Language code of text/sound track or separate title eng
082 ## - DEWEY DECIMAL CLASSIFICATION NUMBER
Classification number 338.885
Author mark and year HEI
100 1# - MAIN ENTRY--PERSONAL NAME
Personal name Hexner, Ervin Paul,
Dates associated with a name 1893-1968.
9 (RLIN) 12765
245 10 - TITLE STATEMENT
Title International cartels,
Statement of responsibility, etc. by Ervin Hexner, with the collaboration of Adelaide Walters.
260 ## - PUBLICATION, DISTRIBUTION, ETC. (IMPRINT)
Place of publication, distribution, etc. Chapel Hill,
Name of publisher, distributor, etc. University of North Carolina Press
Date of publication, distribution, etc. 1946.
300 ## - PHYSICAL DESCRIPTION
Pagination xiv, 555 p. :
Illustrations diagrs. (1 fold.) ,
Size 24 cm.
500 ## - GENERAL NOTE
General note Erratum slip inserted.
504 ## - BIBLIOGRAPHY, ETC. NOTE
Bibliography, etc Bibliographical foot-notes.
650 #0 - SUBJECT ADDED ENTRY--TOPICAL TERM
Topical term or geographic name as entry element Trusts, Industrial.
9 (RLIN) 12766
700 1# - ADDED ENTRY--PERSONAL NAME
Personal name Walters, Adelaide.
942 ## - ADDED ENTRY ELEMENTS (KOHA)
Source of classification or shelving scheme Dewey Decimal Classification
Koha item type Books
Holdings
Lost status Source of classification or shelving scheme Damaged status Not for loan Collection code Permanent Location Current Location Shelving location Date acquired Source of acquisition Cost, normal purchase price Total Checkouts Full call number Date last seen Copy number Koha item type
  Dewey Decimal Classification   Not For Loan Non-fiction Central Library, University of Rajshahi Central Library, University of Rajshahi Reading Room 09/07/1956 Sweets & Zeitlinger 10.00   338.885 HEI 1946 21/12/2013 C-1 Books